Sobolev spaces : (Record no. 18981)
[ view plain ]
| 000 -LEADER | |
|---|---|
| fixed length control field | 01420cam a2200361 i 4500 |
| 001 - CONTROL NUMBER | |
| control field | 16614621 |
| 003 - CONTROL NUMBER IDENTIFIER | |
| control field | EG-ScBUE |
| 005 - DATE AND TIME OF LATEST TRANSACTION | |
| control field | 20241029144714.0 |
| 008 - FIXED-LENGTH DATA ELEMENTS--GENERAL INFORMATION | |
| fixed length control field | 110119t2011 gw k f b 001 0 eng d |
| 020 ## - INTERNATIONAL STANDARD BOOK NUMBER | |
| International Standard Book Number | 9783642155635 (hdbk. : acidfree paper) |
| 020 ## - INTERNATIONAL STANDARD BOOK NUMBER | |
| International Standard Book Number | 3642155634 (hdbk. : acidfree paper) |
| 040 ## - CATALOGING SOURCE | |
| Original cataloging agency | IXA |
| Language of cataloging | eng |
| Description conventions | rda |
| Transcribing agency | IXA |
| Modifying agency | STF |
| -- | UKM |
| -- | YDXCP |
| -- | OHX |
| -- | ZCU |
| -- | IQU |
| -- | COO |
| -- | CDX |
| -- | UKMGB |
| -- | OCLCQ |
| -- | TJC |
| -- | DLC |
| -- | EG-ScBUE |
| 041 1# - LANGUAGE CODE | |
| Language code of text/sound track or separate title | eng |
| Language code of original and/or intermediate translations of text | rus |
| 082 04 - DEWEY DECIMAL CLASSIFICATION NUMBER | |
| Edition number | 22 |
| Classification number | 515.782 |
| Item number | MAZ |
| 100 1# - MAIN ENTRY--PERSONAL NAME | |
| Personal name | Mazʹi︠a︡, V. G., |
| Relator term | author. |
| 9 (RLIN) | 37416 |
| 240 10 - UNIFORM TITLE | |
| Uniform title | <a href="Prostranstva S.L. Soboleva.">Prostranstva S.L. Soboleva.</a> |
| Language of a work | English |
| 245 10 - TITLE STATEMENT | |
| Title | Sobolev spaces : |
| Remainder of title | with applications to elliptic partial differential equations / |
| Statement of responsibility, etc | Vladimir Mazʹia ; [translated from Russian by Tatyana O. Shaposhnikova] |
| 250 ## - EDITION STATEMENT | |
| Edition statement | Second edition. |
| 264 #1 - PUBLICATION, DISTRIBUTION, ETC. (IMPRINT) | |
| Place of publication, distribution, etc | Berlin : |
| Name of publisher, distributor, etc | Springer, |
| Date of publication, distribution, etc | [2011] |
| 264 #4 - PUBLICATION, DISTRIBUTION, ETC. (IMPRINT) | |
| Date of publication, distribution, etc | c2011 |
| 300 ## - PHYSICAL DESCRIPTION | |
| Extent | xxviii, 866 pages : |
| Other physical details | forms ; |
| Dimensions | 25 cm. |
| 336 ## - CONTENT TYPE | |
| Source | rdacontent |
| Content type term | text |
| Content type code | txt |
| 337 ## - MEDIA TYPE | |
| Media type term | unmediated |
| Source | rdamedia |
| Media type code | n |
| 338 ## - CARRIER TYPE | |
| Carrier type term | volume |
| Carrier type code | nc |
| Source | rdacarrier |
| 490 0# - SERIES STATEMENT | |
| Series statement | Grundlehren der mathematischen Wissenschaften ; |
| Volume number/sequential designation | volume 342 |
| 504 ## - BIBLIOGRAPHY, ETC. NOTE | |
| Bibliography, etc | Includes bibliographical references and index.<br/> |
| 546 ## - LANGUAGE NOTE | |
| Language note | Text in English ; translated from the original Russian. |
| 650 #7 - SUBJECT ADDED ENTRY--TOPICAL TERM | |
| Topical term or geographic name as entry element | Sobolev spaces. |
| Source of heading or term | BUEsh |
| 9 (RLIN) | 37417 |
| 653 ## - INDEX TERM--UNCONTROLLED | |
| Resource For college | Engineering, Electrical |
| Arrived date list | February2015 |
| 655 ## - INDEX TERM--GENRE/FORM | |
| Form subdivision | Reading book |
| 9 (RLIN) | 34232 |
| 700 1# - ADDED ENTRY--PERSONAL NAME | |
| Personal name | Shaposhnikova, T. O., |
| 9 (RLIN) | 37418 |
| Relator term | translator. |
| 942 ## - ADDED ENTRY ELEMENTS (KOHA) | |
| Source of classification or shelving scheme | Dewey Decimal Classification |
| Koha item type | Book - Borrowing |
| Withdrawn status | Lost status | Source of classification or shelving scheme | Damaged status | Not for loan | Collection code | Home library | Current library | Shelving location | Date acquired | Source of acquisition | Cost, normal purchase price | Serial Enumeration / chronology | Total Checkouts | Full call number | Barcode | Date last seen | Cost, replacement price | Price effective from | Koha item type |
|---|---|---|---|---|---|---|---|---|---|---|---|---|---|---|---|---|---|---|---|
| Dewey Decimal Classification | Baccah | Central Library | Central Library | First floor | 16/02/2015 | Purchase | 1170.00 | 21291 | 515.782 MAZ | 000037422 | 15/07/2025 | 1463.00 | 16/02/2015 | Book - Borrowing |